00675nam a2200229 a 4500001001300000003000900013005001700022008004100039020002300080082001500103100001800118245005000136260003600186300000900222500003500231650001300266700001800279902000800297942000700305952011600312999001700428nice12345678IN_TiNIC20260116014801.0091026s2008 dela grp 000 0 eng  a9788179927861c22500a294.3bOKA aOkawa, Ryutho aEssence of Buddhab The Path to Enlightenment aDelhi bJaico Pub. House c2008 a201p aincludes index and biblioraphy aBuddhism1 aOkawa, Ryutho bSRS cBK 001040708StackRoom-aHMIbHMId2011-09-14g225.00l0o294.3 OKAp022923r2011-09-14v225.00w2009-10-26yBK c16942d16942